Posudzovanie stálych prevádzkarní zahraničných firiem
Všeobecné podmienky vzniku stálej prevádzkarne zahraničnej firmy. Vznik prevádzkarne českej stavebnej firmy na Slovensku. Zdaňovanie stálej prevádzkarne zahraničnej osoby.
Enregistré dans:
| Auteur principal: | |
|---|---|
| Format: | Chapitre de livre |
| Langue: | slovaque |
| Sujets: | |
| Tags: |
Pas de tags, Soyez le premier à ajouter un tag!
|
MARC
| LEADER | 00000naa a2200000 4500 | ||
|---|---|---|---|
| 001 | r027202 | ||
| 005 | 20230912110330.1 | ||
| 041 | 0 | |a slo | |
| 044 | |a SK | ||
| 245 | 1 | 0 | |a Posudzovanie stálych prevádzkarní zahraničných firiem |c D. Luknárová |
| 520 | |a Všeobecné podmienky vzniku stálej prevádzkarne zahraničnej firmy. Vznik prevádzkarne českej stavebnej firmy na Slovensku. Zdaňovanie stálej prevádzkarne zahraničnej osoby. | ||
| 610 | 2 | 0 | |a podnikanie v zahraničí |
| 610 | 2 | 0 | |a osoby zahraničné |
| 610 | 2 | 0 | |a prevádzky |
| 610 | 2 | 0 | |a dane |
| 100 | 1 | |a Luknárová, D. | |